书目信息 |
| 题名: |
科海之舟
|
|
| 作者: | 杨学仁 编著 | |
| 分册: | ||
| 出版信息: | 武汉 湖北人民出版社 1984 |
|
| 页数: | 318页 | |
| 开本: | 19cm | |
| 丛书名: | ||
| 单 册: | ||
| 中图分类: | N3 | |
| 科图分类: | ||
| 主题词: | 自然科学-科学方法论 , 科学方法论-自然科学 , 自然科学--研究方法 | |
| 电子资源: | ||
| ISBN: | ||
| 000 | 00702nam0 2200265 45 | |
| 001 | 0184001576 | |
| 005 | 20040701165913.0 | |
| 010 | @dCNY1.60 | |
| 091 | @a2106.87 | |
| 100 | @a19951107d1984 em y0chiy0121 ea | |
| 101 | 0 | @achi |
| 102 | @aCN@b420000 | |
| 105 | @ay z 000yy | |
| 106 | @ar | |
| 200 | 10 | @a科海之舟@e自然科学方法一百例@Ake hai zhi zhou@f杨学仁等编著 |
| 210 | @a武汉@c湖北人民出版社@d1984 | |
| 215 | @a318页@d19cm | |
| 606 | @a自然科学-科学方法论 | |
| 606 | @a科学方法论-自然科学 | |
| 606 | 0 | @a自然科学@x研究方法 |
| 690 | @aN3@v3 | |
| 701 | 0 | @a杨学仁@4编著@Ayang xue ren |
| 801 | 0 | @aCN@b深圳图书馆@c20040517 |
| 801 | 2 | @aCN@bNLC@c20040517 |
| 905 | @dN3@e26@f1@b136826 | |
| 科海之舟:自然科学方法一百例/杨学仁等编著.-武汉:湖北人民出版社,1984 |
| 318页;19cm |
| ISBN :CNY1.60 |
| ● |
| 相关链接 |
|
|
|
|
正题名:科海之舟
索取号:N3/26
 
预约/预借
| 序号 | 登录号 | 条形码 | 馆藏地/架位号 | 状态 | 备注 |
| 1 | 0136825 | 000561617 | 第三借阅区/ [索取号:N3/26] | 在馆 | |
| 2 | 0136826 | 001944052 | 第三借阅区/ [索取号:N3/26] | 在馆 | |
| 3 | 0136827 | 202094189 | 第二样本阅览室/ [索取号:N3/26] | 在馆 |